000 00315nam a2200133Ia 4500
005 20251222155154.0
008 251222s9999||||xx |||||||||||||| ||spa||
082 _aEBA.51
100 _aCICAT - SALUD
245 0 _aProcedimientos especiales en Enfermería
250 _aNo ed.
264 _bNo tiene
942 _cLIB
999 _c39676
_d39676